A Dictionary of military quotations / (Registro nro. 7102)

Detalles MARC
000 -LEADER
campo de control de longitud fija 00642nam a2200229 i 4500
001 - NÚMERO DE CONTROL
campo de control 7102
003 - IDENTIFICADOR DE NÚMERO DE CONTROL
campo de control ES-MaACL
005 - FECHA Y HORA DE LA ÚLTIMA TRANSACCIÓN
campo de control 20230906145148.0
007 - CAMPO FIJO DE DESCRIPCIÓN FÍSICA--INFORMACIÓN GENERAL
campo de control de longitud fija t|
008 - DATOS DE LONGITUD FIJA--INFORMACIÓN GENERAL
campo de control de longitud fija 900820s1990 xxk d |||| | eng d
020 ## - NÚMERO INTERNACIONAL ESTÁNDAR DEL LIBRO
Número Internacional Estándar del Libro 0-415-04138-4
080 ## - NÚMERO DE LA CLASIFICACIÓN DECIMAL UNIVERSAL
Número de la Clasificación Decimal Universal 355(038)
080 ## - NÚMERO DE LA CLASIFICACIÓN DECIMAL UNIVERSAL
Número de la Clasificación Decimal Universal 43.316.4:355
245 02 - MENCIÓN DEL TÍTULO
Título A Dictionary of military quotations /
Mención de responsabilidad, etc. compiled by Trevor Royle.
250 ## - MENCION DE EDICION
Mención de edición 1st ed.
260 ## - PUBLICACIÓN, DISTRIBUCIÓN, ETC.
Lugar de publicación, distribución, etc. London :
Nombre del editor, distribuidor, etc. Routledge,
Fecha de publicación, distribución, etc. 1990.
300 ## - DESCRIPCIÓN FÍSICA
Extensión 210 p. ;
Dimensiones 24 cm.
650 #4 - PUNTO DE ACCESO ADICIONAL DE MATERIA--TÉRMINO DE MATERIA
Término de materia o nombre geográfico como elemento de entrada Arte y ciencia militar-
Subdivisión de forma Diccionarios.
9 (RLIN) 155031
700 1# - ENTRADA AGREGADA--NOMBRE PERSONAL
Nombre de persona Royle, Trevor,
Término indicativo de función/relación
9 (RLIN) 195337
852 ## - LOCALIZACIÓN
Ubicación ES-MaACL
Número de control de estantería L-14250
Nota libre - Enc. tela
Existencias
Estatus retirado Estado de pérdida Estado de daño No para préstamo Biblioteca de origen Biblioteca actual Ubicación en estantería Fecha de adquisición Fuente de adquisición Total de préstamos Signatura topográfica completa Código de barras Visto por última vez Precio de reemplazo Tipo de ítem Koha
        Biblioteca del Ateneo de Madrid Biblioteca del Ateneo de Madrid Depósito 2 17/01/2008     L-14250 1007240 23/02/2023 23/02/2023 Libro impreso